[Event "Asuncion CIT op"]
[Site "Asuncion"]
[Date "2023.08.12"]
[Round "1"]
[White "Zenti, Edoardo"]
[Black "Makowski, Silvia Cristina"]
[Result "1-0"]
[WhiteElo "1796"]
[BlackElo "1062"]
[PlyCount "75"]
[EventDate "2023.08.12"]
[EventType "swiss"]
[EventRounds "9"]
[EventCountry "PAR"]
[SourceTitle "CBM 215 Extra"]
[Source "ChessBase"]
[SourceDate "2023.09.30"]
[SourceVersion "1"]
[SourceVersionDate "2023.09.30"]
[SourceQuality "1"]

1. e4 c5 2. Nf3 g6 3. d4 cxd4 4. Nxd4 Bg7 5. Nc3 Nc6 6. Be3 d6 7. Qd2 Ne5 8. f3 Bd7 9. 0-0-0 a6 10. Kb1 Rc8 11. Be2 Nc4 12. Bxc4 Rxc4 13. g4 Qa5 14. Nb3 Qb4 15. Nd5 Qxd2 16. Rxd2 Be6 17. Nf4 Bd7 18. Nd5 Be6 19. Nf4 Bd7 20. h4 h6 21. Nd5 Be6 22. Nf4 Bd7 23. h5 g5 24. Ne2 Nf6 25. Ng3 Rh7 26. Nd4 e6 27. Re1 Ke7 28. Bg1 Ne8 29. Nde2 Rh8 30. Bh2 Bf8 31. b3 Rc5 32. Red1 Nc7 33. Nf5+ exf5 34. Bxd6+ Kf6 35. Bxc5 Bxc5 36. Rxd7 Rc8 37. Nc3 b6 38. Rxc7 1-0

[Event "Joacaba op 2nd"]
[Site "Joacaba"]
[Date "2023.07.01"]
[Round "3"]
[White "Dos Santos, Felipe Gabriel"]
[Black "Makowski, Silvia Cristina"]
[Result "0-1"]
[WhiteElo "1771"]
[BlackElo "1063"]
[PlyCount "41"]
[EventDate "2023.06.30"]
[EventType "swiss"]
[EventRounds "6"]
[EventCountry "BRA"]
[SourceTitle "CBM 215 Extra"]
[Source "ChessBase"]
[SourceDate "2023.09.30"]
[SourceVersion "1"]
[SourceVersionDate "2023.09.30"]
[SourceQuality "1"]

1. e4 c5 2. Nf3 g6 3. d4 cxd4 4. Nxd4 Bg7 5. Be3 Nc6 6. Nc3 d6 7. Bb5 Bd7 8. Bxc6 bxc6 9. f4 Qa5 10. 0-0 Nf6 11. Qd3 Ng4 12. Bd2 Qb4 13. Nde2 Qc5+ 14. Kh1 Nf2+ 15. Rxf2 Qxf2 16. Ng3 Qb6 17. e5 dxe5 18. Re1 exf4 19. Bxf4 e6 20. Qd6 Qd4 21. Nf5 0-1

[Event "Concordia op 6th"]
[Site "Concordia"]
[Date "2022.10.14"]
[Round "5"]
[White "Toffoli, Vanessa"]
[Black "Makowski, Silvia Cristina"]
[Result "1-0"]
[WhiteElo "1140"]
[BlackElo "1800"]
[PlyCount "39"]
[EventDate "2022.10.12"]
[EventType "swiss"]
[EventRounds "9"]
[EventCountry "BRA"]
[SourceTitle "CBM 210 Extra"]
[Source "ChessBase"]
[SourceDate "2022.11.30"]
[SourceVersion "1"]
[SourceVersionDate "2022.11.30"]
[SourceQuality "1"]

1. e4 c5 2. Nf3 g6 3. d4 cxd4 4. Nxd4 Bg7 5. Nc3 Nf6 6. Bc4 d6 7. Bg5 Bd7 8. Qd2 h6 9. Be3 Ng4 10. f4 Nxe3 11. Qxe3 Qb6 12. e5 dxe5 13. fxe5 Nc6 14. Bxf7+ Kxf7 15. e6+ Bxe6 16. Qxe6+ Ke8 17. Qxg6+ Kd7 18. Qe6+ Kc7 19. Nd5+ Kb8 20. Nxb6 1-0